A Pénzvilág. - 11.évf. (1921) 21. sz.
Elmentve itt :
| Dokumentumtípus: | Folyóirat |
|---|---|
| Megjelent: |
1921
|
| Sorozat: | A Pénzvilág
11 No. 21 |
| Online Access: | http://misc.bibl.u-szeged.hu/69192 |
| LEADER | 00446nas a2200133 i 4500 | ||
|---|---|---|---|
| 001 | misc69192 | ||
| 005 | 20211013131920.0 | ||
| 008 | 211013s1921 hu o 0|| zxx d | ||
| 040 | |a SZTE Miscellanea Repozitórium |b hun | ||
| 041 | |a zxx | ||
| 245 | 0 | 2 | |a A Pénzvilág. - 11.évf. (1921) 21. sz. |h [elektronikus dokumentum] |
| 260 | |c 1921 | ||
| 490 | 0 | |a A Pénzvilág |v 11 No. 21 | |
| 856 | 4 | 0 | |u http://misc.bibl.u-szeged.hu/69192/1/penzvilag_1921_021.pdf |z Dokumentum-elérés |